Catalog

Record Details

Catalog Search



Betting on a good luck cowboy / Sara Richardson.

Chin, Jeannie. Container of (work): Only home with you.(Added Author).
Series: Star Valley ; 2

Available copies

  • 2 of 2 copies available at LARL/NWRL Consortium.
  • 2 of 2 copies available at Lake Agassiz Regional Library. (Show preferred library)

Current holds

0 current holds with 2 total copies.

Show Only Available Copies
Location Call Number / Copy Notes Barcode Shelving Location Status Due Date
Crookston Public Library RIC (Text) 33500013836697 Main Available -
Moorhead Public Library RIC (Text) 33500013836705 Main Available -

Record details

  • ISBN: 9781538725900
  • ISBN: 1538725908
  • Physical Description: 457 pages ; 18 cm.
  • Edition: First edition.
  • Publisher: New York : Forever, 2023.

Content descriptions

General Note:
"Includes the bonus novella Only Home with You by Jeannie Chin!"--Back cover.
Formatted Contents Note:
Betting on a good luck cowboy / Sara Richardson -- ... Read More
Summary, etc.:
A former SEAL and his best friend's widow find ... Read More
Subject: United States. Navy. SEALs > Fiction.
Widows > Fiction.
Single mothers > Fiction.
Ranches > Fiction.
Horses > Fiction.
Man-woman relationships > Fiction.
Wyoming > Fiction.
Genre: Love stories.
Romance fiction.
Novels.
Fiction.
LDR 03464cam a2200649 i 4500
001412882
003LARL_NWRL_CONSORTIUM
00520230718150220.0
008230421s2023 nyu e 000 1 eng d
040 . ‡aLMJ ‡beng ‡erda ‡cLMJ ‡dBDX ‡dGMPMT ‡dOCO ‡dLE# ‡dGL4 ‡dHBP ‡dTJT ‡dCNWPU ‡dDMM ‡dOCLCF
020 . ‡a9781538725900 ‡q(paperback)
020 . ‡a1538725908 ‡q(paperback)
035 . ‡a(OCoLC)1378315412
043 . ‡an-us-wy
08204. ‡a813/.6 ‡223
1001 . ‡aRichardson, Sara ‡c(Romance fiction writer), ‡eauthor. ‡0(LARL_NWRL_CONSORTIUM)221991
24510. ‡aBetting on a good luck cowboy / ‡cSara Richardson.
250 . ‡aFirst edition.
264 1. ‡aNew York : ‡bForever, ‡c2023.
300 . ‡a457 pages ; ‡c18 cm.
336 . ‡atext ‡btxt ‡2rdacontent
337 . ‡aunmediated ‡bn ‡2rdamedia
338 . ‡avolume ‡bnc ‡2rdacarrier
4900 . ‡aStar Valley ; ‡v2
500 . ‡a"Includes the bonus novella Only Home with You by Jeannie Chin!"--Back cover.
520 . ‡aA former SEAL and his best friend's widow find that the path of healing leads to forbidden feelings. For widow Tess Valdez, there are two things keeping her husband's memory alive: her daughters and the ranch he loved. And Tess has thrown herself into caring for both. But when the wild horses that roam her land are threatened, Tess seizes the opportunity to become their advocate--and finds a new purpose that is hers alone. She expects resistance from some of the locals, but what she doesn't anticipate is needing the one man she can't have by her side. No one understands Tess's pain better than SEAL Silas Beck. He lost his best friend on the battlefield, and he's spent every day since living up to the promise he'd made Jace to take care of the family he left behind. Falling for Tess was never supposed to happen, and Silas knows he should leave for both of their sakes--but he can't say no when she asks him for one last favor. Even if staying means confronting feelings they'd both rather ignore...
5050 . ‡aBetting on a good luck cowboy / Sara Richardson -- Only home with you / Jeannie Chin.
61010. ‡aUnited States. ‡bNavy. ‡bSEALs ‡vFiction.
650 0. ‡aWidows ‡vFiction. ‡0(LARL_NWRL_CONSORTIUM)167902
650 0. ‡aSingle mothers ‡vFiction. ‡0(LARL_NWRL_CONSORTIUM)167259
650 0. ‡aRanches ‡vFiction. ‡0(LARL_NWRL_CONSORTIUM)174576
650 0. ‡aHorses ‡vFiction. ‡0(LARL_NWRL_CONSORTIUM)165676
650 0. ‡aMan-woman relationships ‡vFiction. ‡0(LARL_NWRL_CONSORTIUM)165985
651 0. ‡aWyoming ‡vFiction. ‡0(LARL_NWRL_CONSORTIUM)167872
655 7. ‡aLove stories. ‡2gsafd
655 7. ‡aRomance fiction. ‡2lcgft
655 7. ‡aNovels. ‡2lcgft
655 7. ‡aFiction. ‡2lcgft
7001 . ‡iContainer of (work): ‡aChin, Jeannie. ‡tOnly home with you.
901 . ‡a412882 ‡bOCoLC ‡c412882 ‡tbiblio ‡soclc

Additional Resources